Normal view
MARC view
Entry Personal Name
001 - CONTROL NUMBER
- control field: 503
003 - CONTROL NUMBER IDENTIFIER
- control field: BD-RjUL
005 - DATE AND TIME OF LATEST TRANSACTION
- control field: 20220104115522.0
008 - FIXED-LENGTH DATA ELEMENTS
- fixed length control field: 220104|| aca||aabn | a|a d
040 ## - CATALOGING SOURCE
- Original cataloging agency: BD-RjUL
- Transcribing agency: BD-RjUL
100 ## - HEADING--PERSONAL NAME
- Personal name: নাহিদ, নুরুল ইসলাম
670 ## - SOURCE DATA FOUND
- Source citation: Work cat.: (BD-RjUL)79116: নাহিদ, নুরুল ইসলাম , বঙ্গবন্ধুর আদর্শ লক্ষ্য ও সংগ্রাম / , ২০০৭, [মুদ্রণ ২০২০]